Gardens of sand : Nineteenth-century photographs of Egypt, Arabiam Turkey, and the Levant /

محفوظ في:

المؤلف الرئيسي: Nassar, Issam R.

مؤلفون آخرون: Almarcegui, Patricia., Worswick, Clark.

التنسيق: كتاب

اللغة: English

منشور في: Cairo, Egypt : The American University in Cairo Press, 2010.

الموضوعات:

الوسوم: إضافة وسم

لا توجد وسوم, كن أول من يضع وسما على هذه التسجيلة!

رقم الطلب: TR117 .N37

LEADER 00899nam a22002537a 4500
003 OSt
005 20251124133322.0
008 251124t2010 ua ab b 000 0 eng d
020 |a 9789774164316 
040 |c ARCE Library 
050 1 4 |a TR117  |b .N37 
100 1 |a Nassar, Issam R. 
245 1 0 |a Gardens of sand :   |b Nineteenth-century photographs of Egypt, Arabiam Turkey, and the Levant /   |c Issam R. Nassar, Patricia Almarcegui, Clark Worswick. 
264 1 |a Cairo, Egypt :   |b The American University in Cairo Press,   |c 2010. 
300 |a 140 pages :   |b ill., map ;   |c 29 cm. 
504 |a Includes bibliographical references. 
650 0 |a Photography -- Egypt History -- 19th century. 
651 0 |a Egypt -- Description and travel. 
651 0 |a Egypt -- Pictorial works. 
700 1 |a Almarcegui, Patricia.  
700 1 |a Worswick, Clark. 
901 |a reviewed 
942 |2 lcc  |c BK 
999 |c 49305  |d 49305